[Event "Canadian op 48th U2000"]
[Site "Toronto"]
[Date "2011.07.15"]
[Round "7"]
[White "Marks, Richard"]
[Black "Garel, Richard"]
[Result "0-1"]
[WhiteElo "1632"]
[BlackElo "1942"]
[PlyCount "100"]
[EventDate "2011.07.09"]
[EventType "swiss"]
[EventRounds "9"]
[EventCountry "CAN"]
[SourceTitle "EXT 2022"]
[Source "ChessBase"]
[SourceDate "2021.10.06"]
[SourceVersion "1"]
[SourceVersionDate "2021.10.06"]
[SourceQuality "1"]

1. c4 e5 2. Nc3 Nf6 3. Nf3 Nc6 4. g3 Bc5 5. Bg2 0-0 6. 0-0 a5 7. d3 d6 8. a3 Be6 9. e4 Qd7 10. Nd5 Ne8 11. Bg5 f5 12. Nd2 f4 13. gxf4 Bg4 14. Nf3 h6 15. f5 hxg5 16. Qd2 Bxf3 17. Bxf3 Nd4 18. Bd1 c6 19. Nc3 Qe7 20. Kg2 g4 21. Rh1 Nf6 22. Qg5 Nd5 23. Qxg4 Nf4+ 24. Kf1 Qf6 25. Ne2 Nfxe2 26. Bxe2 Ne6 27. h4 Qh6 28. Rg1 Nf4 29. Rd1 Rf7 30. h5 Kh8 31. Bf3 Bd4 32. b3 c5 33. a4 Ra6 34. Rh1 Rb6 35. Rb1 Rc6 36. Rh4 Rcc7 37. Be2 Rf6 38. Rd1 Kg8 39. Bf3 Kf8 40. Rh1 Rcf7 41. Rh4 Ke7 42. Qg3 Ne6 43. Kg2 Nd8 44. Rdh1 Nc6 45. Rg4 Kd7 46. Rg6 Qh7 47. Qg5 Ne7 48. Rh3 Kc6 49. h6 Nxg6 50. fxg6 Rxg6 0-1